Normal view
MARC view
Entry Personal Name
001 - CONTROL NUMBER
- control field: 87498
003 - CONTROL NUMBER IDENTIFIER
- control field: MY-SjTCS
005 - DATE AND TIME OF LATEST TRANSACTION
- control field: 20191212142750.0
008 - FIXED-LENGTH DATA ELEMENTS
- fixed length control field: 191212|| aca||aabn | a|a d
040 ## - CATALOGING SOURCE
- Original cataloging agency: MY-SjTCS
- Transcribing agency: MY-SjTCS
100 ## - HEADING--PERSONAL NAME
- Personal name: Noe, Robert M.
670 ## - SOURCE DATA FOUND
- Source citation: Work cat.: (MY-SjTCS): Mondy, R. Wayne, 1940- 19008, Human resource management /, c2005.